00719cam a2200193 a 450000100100000000500170001000800410002708200170006810000190008524500510010426000340015530000200018950001970020961000520040665000120045865000170047065000250048704000130051200000100520240510073816.0781115s1974 ja 000 0 eng  a294.3bI262t1 aIkeda, Daisaku10aToward a third great revival /cDaisaku Ikeda. aTokyo :bSoka Gakkai,c1974?. a23 p. ;c21 cm. aTraducción de Charles S. Terry de la conferencia dada por D. Ikeda en la 15 ª asamblea general de la División de Estudiantes de la Soka Gakkai, Auditorio de la Universidad Nihon, de 1974.20aSOKA GAKKAIxDIRECCIONES, ENSAYOS, CONFERENCIAS 4aBudismo 0aFilosofía  4aBudismobENSEÑANZA aDO-SdBNP